<?xml version="1.0" encoding="UTF-8"?><?xml-stylesheet type="text/xsl" href="static/style.xsl"?><OAI-PMH xmlns="http://www.openarchives.org/OAI/2.0/" xmlns:xsi="http://www.w3.org/2001/XMLSchema-instance" xsi:schemaLocation="http://www.openarchives.org/OAI/2.0/ http://www.openarchives.org/OAI/2.0/OAI-PMH.xsd"><responseDate>2026-04-17T22:49:49Z</responseDate><request verb="GetRecord" identifier="oai:www.recercat.cat:2445/167935" metadataPrefix="marc">https://recercat.cat/oai/request</request><GetRecord><record><header><identifier>oai:recercat.cat:2445/167935</identifier><datestamp>2025-12-04T20:47:43Z</datestamp><setSpec>com_2072_1057</setSpec><setSpec>col_2072_478822</setSpec><setSpec>col_2072_478917</setSpec></header><metadata><record xmlns="http://www.loc.gov/MARC21/slim" xmlns:dcterms="http://purl.org/dc/terms/" xmlns:xsi="http://www.w3.org/2001/XMLSchema-instance" xmlns:doc="http://www.lyncode.com/xoai" xsi:schemaLocation="http://www.loc.gov/MARC21/slim http://www.loc.gov/standards/marcxml/schema/MARC21slim.xsd">
   <leader>00925njm 22002777a 4500</leader>
   <datafield ind2=" " ind1=" " tag="042">
      <subfield code="a">dc</subfield>
   </datafield>
   <datafield ind2=" " ind1=" " tag="720">
      <subfield code="a">Parra Serra, Josep Manel</subfield>
      <subfield code="e">author</subfield>
   </datafield>
   <datafield ind2=" " ind1=" " tag="720">
      <subfield code="a">González Calvet, Ramón</subfield>
      <subfield code="e">author</subfield>
   </datafield>
   <datafield ind2=" " ind1=" " tag="260">
      <subfield code="c">2020-07-07T09:50:43Z</subfield>
   </datafield>
   <datafield ind2=" " ind1=" " tag="260">
      <subfield code="c">2020-07-07T09:50:43Z</subfield>
   </datafield>
   <datafield ind2=" " ind1=" " tag="260">
      <subfield code="c">1997</subfield>
   </datafield>
   <datafield ind2=" " ind1=" " tag="260">
      <subfield code="c">2020-07-07T09:50:43Z</subfield>
   </datafield>
   <datafield ind2=" " ind1=" " tag="520">
      <subfield code="a">De la programació de l'àrea de matemàtiques del nou batxillerat (DOGC núm. 2181 de 13.3.1996), els físics no podem deixar de constatar el notable creixement de la importància relativa de l'estudi del càlcul vectorial en dues i tres dimensions. Considerem que és una elecció encertada, ja que poques àrees de la matemàtica mostren una connexió tan immediata amb la realitat física que ens envolta: ens movem en un espai de tres dimensions i gran part de les magnituds físiques (posicions, velocitats, acceleracions, forces, camps electromagnètics, etc.) són vectors. La crònica deficiència o el retard de les matemàtiques que tant dificulta l'ensenyament de la física pot quedar substancialment disminuït. D'aquesta connexió amb la física, l'ensenyament de la matemàatica en sortirà també beneficiada, ja que, com apuntava Bertrand Russell: 'una de les dues raons per les quals els alumnes sense una innata inclinació envers les matemàtiques són conduits a odiar-les és que no són mostrades com a base de tot el nostre coneixement científic, tant teòric com pràctic: no es mostra a l'alumne, de manera convincent, que tot allò que podem entendre del món i allò que podem fer amb les màquines, ho podem entendre i fer gràcies a les matemàtiques' (pag. vii, Clifford, 1955).</subfield>
   </datafield>
   <datafield tag="653" ind2=" " ind1=" ">
      <subfield code="a">Àlgebra vectorial</subfield>
   </datafield>
   <datafield tag="653" ind2=" " ind1=" ">
      <subfield code="a">Geometria</subfield>
   </datafield>
   <datafield tag="653" ind2=" " ind1=" ">
      <subfield code="a">Ensenyament de la física</subfield>
   </datafield>
   <datafield tag="653" ind2=" " ind1=" ">
      <subfield code="a">Batxillerat</subfield>
   </datafield>
   <datafield tag="653" ind2=" " ind1=" ">
      <subfield code="a">Vector algebra</subfield>
   </datafield>
   <datafield tag="653" ind2=" " ind1=" ">
      <subfield code="a">Geometry</subfield>
   </datafield>
   <datafield tag="653" ind2=" " ind1=" ">
      <subfield code="a">Physics education</subfield>
   </datafield>
   <datafield tag="653" ind2=" " ind1=" ">
      <subfield code="a">Baccalaureate (Secondary school educational programme)</subfield>
   </datafield>
   <datafield ind2="0" ind1="0" tag="245">
      <subfield code="a">L'àlgebra vectorial en la geometria i la física del nou batxilerat</subfield>
   </datafield>
</record></metadata></record></GetRecord></OAI-PMH>